Aplikácia GIS v kontexte priestorovej analýzy zahraničnej politiky SR

Politicko-geografická analýza priestorových aspektov zahraničnej politiky SR na základe siete honorárnych konzulátov. Aplikácia vybraných nástrojov GIS (geografických informačných systémov) pri analýze zahraničnej politiky, významnosť vizualizácie problematiky medzinárodných vzťahov. Dynamický vývoj...

Descrizione completa

Salvato in:
Dettagli Bibliografici
Autore principale: Šandor, Filip
Altri autori: Najdený, Roman, Gurňák, Daniel
Natura: Capitolo di libro
Lingua:slovacco
inglese
Soggetti:
Tags: Aggiungi Tag
Nessun Tag, puoi essere il primo ad aggiungerne!!

MARC

LEADER 00000naa a2200000 4500
001 0268509
005 20240312152805.2
041 0 |a slo 
041 0 |a eng 
044 |a SK 
245 1 0 |a Aplikácia GIS v kontexte priestorovej analýzy zahraničnej politiky SR  |c Filip Šandor, Roman Najdený, Daniel Gurňák 
520 |a Politicko-geografická analýza priestorových aspektov zahraničnej politiky SR na základe siete honorárnych konzulátov. Aplikácia vybraných nástrojov GIS (geografických informačných systémov) pri analýze zahraničnej politiky, významnosť vizualizácie problematiky medzinárodných vzťahov. Dynamický vývoj honorárnych konzulátov SR (doposiaľ sa počtom nestabilizovali). Metódy vizualizácie zahraničnej politiky, súvislosti lokalizácie siete konzulátov s atribútmi štátov sveta. Lokalizácia honorárnych konzulátov SR determinovaná analyzovanými premennými, podmienenej taktiež špecifickými rozhodnutiami kompetentných orgánov. 
610 2 0 |a geografia 
610 2 0 |a geopolitika 
610 2 0 |a informácie geografické 
610 2 0 |a systémy informačné geografické 
610 2 0 |a vzťahy zahraničné 
610 2 0 |a úrady zastupiteľské 
610 2 0 |a politika zahraničná 
610 2 0 |a diplomati 
610 2 0 |a Slovensko 
610 2 0 |a svet 
100 1 |a Šandor, Filip 
700 1 |a Najdený, Roman 
700 1 |a Gurňák, Daniel